Scripture and tradition : What the Bible Really Says (Record no. 22551)

MARC details
000 -LEADER
fixed length control field 00809cam a2200181 i 4500
020 ## - INTERNATIONAL STANDARD BOOK NUMBER
ISBN 9780801039836 (pbk.)
082 00 - DEWEY DECIMAL CLASSIFICATION NUMBER
Classification number 220.6
Author Cutter HUM
100 1# - MAIN ENTRY--AUTHOR NAME
Author name Humphrey, Edith McEwan.
245 10 - TITLE STATEMENT
Title Scripture and tradition : What the Bible Really Says
260 ## - PUBLICATION, DISTRIBUTION, ETC. (IMPRINT)
Place of publication Unites States of America
Name of publisher Baker Academic
Year of publication 2013
300 ## - PHYSICAL DESCRIPTION
Number of Pages x, 182 pages ;
490 0# - SERIES STATEMENT
Series statement Acadia studies in Bible and theology
505 0# - FORMATTED CONTENTS NOTE
Formatted contents note Lost in translation? -- Deadly traditions: the Bible, the rabbis, Jesus, and St. Paul -- Apostles, the word, and the letter -- Blessed delivery: receiving in both directions -- Tradition as God's personal gift -- Holy tradition vs. human traditions: discerning the difference today.
650 #0 - SUBJECT ADDED ENTRY--TOPICAL TERM
Topical Term Bible and tradition.
-- Tradition - Theology
650 #0 - SUBJECT ADDED ENTRY--TOPICAL TERM
Topical Term Tradition (Theology)
942 ## - ADDED ENTRY ELEMENTS (KOHA)
Koha item type Books
Holdings
Home library Current library Shelving location Date acquired Full call number Accession Number Koha item type
Henry Martyn Institute Library Henry Martyn Institute Library General stacks 11/23/2018 220.6 HUM 11003945 Books
Henry Martyn Institute Library Henry Martyn Institute Library General stacks 11/23/2018 220.6 HUM 11003946 Books
                   Copyright © 2026 | Henry Martyn Institute | Hyderabad | TS-500052 | INDIA | Implemented by hmi.edu.in
Hit-Count:

Powered by Koha